000 01109cam a2200289 a 4500
001 000001486
005 20200929145608.0
008 790224s1978 dcua 001 0 spa
040 _aDO-SdBNP
_bspa
_cBNPHU
082 _a539.7
_bS122f, 1978
100 1 _aSaavedra, Igor.
_94909
245 1 0 _aFísica de partículas /
_cIgor Saavedra.
250 _a2a ed.
260 _aWashington :
_bEva V. Chesneau,
_c1978.
300 _avii, 101 p. :
_bil. ;
_c22 cm.
490 1 _aSerie de física
490 1 _aMonografía
_vno.4
500 _aIncluye notas al pie de las páginas
500 _aEn la portada: Deparmento de Ciencias Físicas y Matemática, Universidad de Chile. Santiago, Chile
504 _aBibliografía: p. 99.
650 4 _aPartículas (física nuclear)
_94910
710 1 _aUniversidad de Chile.
_bDepartamento de Ciencias Físicas y Matemáticas.
_94911
710 1 _aSecretaría General de la Organización de los Estados Americanos (OEA).
_bDepartamento de Asuntos Científicos.
_94912
830 0 _aSerie de física
_94913
830 0 _aMonografía ;
_vno.4
_94914
910 _aEn proceso
999 _c1392
_d1392